It wasn't me!
| Main Author: | |
|---|---|
| Format: | Book |
| Published: |
Oxford :
University Press ,
1991
|
| Subjects: |
MARC
| LEADER | 00000cam a2200000 7i4500 | ||
|---|---|---|---|
| 001 | 0000002245 | ||
| 002 | 000002446 | ||
| 005 | 20000330.0 | ||
| 020 | |a 0192798847 | ||
| 090 | 0 | 0 | |a JF |b TAY |
| 100 | 1 | |a Taylor, Anelise | |
| 245 | 1 | 0 | |a It wasn't me! |c Anelise Taylor |
| 260 | |a Oxford : |b University Press , |c 1991 | ||
| 300 | |a 28p. : |b ill ; |c 21cm. | ||
| 650 | 0 | 0 | |a Children's stories |
| 999 | |a 035673 |b BUKU |c PINJAMAN |e PERPUSTAKAAN KOMUNITI PETALING JAYA | ||
| 999 | |a 036705 |b BUKU |c PINJAMAN |e PERPUSTAKAAN KOMUNITI PETALING JAYA | ||